000 00402nam a2200169Ia 4500
008 170203s9999 xx 000 0 und d
020 _a0-439295890
050 _aFic
050 _b.M125t 2001
100 _aDower, Laura
245 4 _aThe PowerPuff Girls /
260 _aNew York :
260 _bScholastic Inc.,
260 _c2001
300 _a32 pages ;
440 _a PowerPuff Girls Series
999 _c306077
_d306077